| 000 | 01055cam a2200289 a 4500 | ||
|---|---|---|---|
| 999 |
_c232976 _d232976 |
||
| 001 | 17177054 | ||
| 003 | Nust | ||
| 005 | 20170227124852.0 | ||
| 008 | 120223s2012 pk b 001 0 eng | ||
| 010 | _a 2011329640 | ||
| 020 | _a9789692305501 | ||
| 025 | _aP-E-2011329640 ; 31 | ||
| 037 |
_bLibrary of Congress -- Islamabad Overseas Office _cRs795.00 |
||
| 040 |
_aDLC _cDLC |
||
| 042 |
_alcode _apcc |
||
| 043 |
_aa-pk--- _aai--- |
||
| 050 | 0 | 0 |
_aDS382 _b.K356 2012 |
| 082 |
_a954.91 _bAMI |
||
| 100 | 1 | _aAmin, Shahid M., | |
| 245 | 1 | 2 |
_aA concise history of Pakistan / _cShahid M. Amin |
| 260 |
_aKarachi : _bOxford University Press, _c2015. |
||
| 300 |
_axiv, 283 p. ; _c24 cm. |
||
| 504 | _aIncludes bibliographical references (p. [378]-381) and index. | ||
| 651 | 0 |
_aPakistan _xHistory. |
|
| 651 | 0 |
_aIndia _xPolitics and government _y1919-1947. |
|
| 906 |
_a7 _bcbc _corigode _d3 _encip _f20 _gy-gencatlg |
||
| 942 |
_2ddc _cBK |
||